MDQL
is popping MORE tags! Check the
thread
!
Quizzes
Events
Quiz Creation
Community
Videos
Private Events
Remove Ads
Sign In
Join for FREE
Feedback
Dark Mode
Quiz Categories
Sports
Geography
Music
Movies
Television
Just For Fun
Miscellaneous
History
Literature
Language
Science
Gaming
Entertainment
Religion
Holiday
For Kids
Quiz Lab
Recent
Popular Today
Quiz Kudos Today
Editor Picks
Curator Picks
Quizzes by...
Day
Popularity
Type
Ratings
Length
Year
Community
Subscriptions
Recent Discussions
Orange Saloon
Badges
Playlists
Quests
Create
Leaderboards
Showdown
Live 5
Trivia Bingo
Activity
Puzzle Library
Sporcle Events
Private Events
Virtual Trivia
Globe League
Become a Host
Pub Owners
SporcleCon
Opinionation
Our Games
Videos
Blog
Mobile Apps
Partnerships
Remove Ads and Go Orange
Feedback
Geography
Country
Landmarks
City
State
Population
World
Capital
Continent
Flags
Europe
Africa
Asia
South America
North America
Oceania
Border
Canada
United Kingdom
Topography
United States
Geography
Country
Landmarks
City
State
Population
World
Capital
Continent
Flags
Europe
Africa
Asia
South America
North America
Oceania
Border
Canada
United Kingdom
Topography
United States
Random Quiz
Search Sporcle
×
Quiz Lab
Quiz Lab
Geography
Capital
Type in answers that appear in a list
Type in answers that appear in a list
Classic
Best Score? Go Orange.
Highest Capital Cities Stats
Can you name the highest capital cities above 1000 metres?
By
kingoftheworld
7m
31 Questions
309 Plays
309 Plays
309 Plays
Comments
Comments
Give Quiz Kudos
Give Quiz Kudos
-
- Ratings
hide this ad
Replay
Link that replays current quiz
Next Quiz
Link to next quiz in quiz playlist
You Got
0%
They Got
Avg Score
61%
Avg Friend Score
Upgrade to see
Score Distribution
Jump to the score distribution portion of the page
Score
0/31
Timer
07:00
0
Plays Today
Altitude(metres)
Capital City
% Correct
3640
La Paz
92.2%
2850
Quito
88.3%
1298
Kathmandu
88.3%
2240
Ciudad de Mexico
88%
2625
Bogotá
85.4%
1790
Kabul
75.4%
1138
Tehran
74.1%
2355
Addis Ababa
72.2%
2648
Thimphu
71.5%
1795
Nairobi
70.2%
1480
Harare
64.4%
1271
Pretoria
64.4%
1567
Kigali
63.4%
1529
Guatemala City
62.8%
1202
Kampala
62.5%
1079
Brasilia
62.1%
Altitude(metres)
Capital City
% Correct
1270
Lusaka
61.2%
1032
Yerevan
55.3%
1148
Dodoma
51.8%
1014
Gaborone
51.8%
1673
Maseru
51.1%
2325
Asmara
49.8%
1721
Windhoek
49.8%
1146
San José
49.5%
1409
Andorra la Vella
48.5%
1243
Mbabane
47.6%
1024
Lilongwe
47.6%
1284
Ulan Bator
41.4%
1288
Antananarivo
38.8%
2250
Sana'a
38.2%
2750
Sucre
35.9%
Quiz Playlist
Details
Report
Send in Message
Add To Playlist
Classic:
Type in answers that appear in a list
Quiz Source
Last Updated: Feb 16, 2017
Quiz Scoreboard
CHALLENGE
Sign Up to Join the Scoreboard
Show All
Scores
Hide
Comments
May contain spoilers
Recently Published
Street Fighter Characters
by Artimus82
Gaming
60s
9x9 Crossword: Cartoon Network
by jackfrog10
Miscellaneous
3m
College Basketball Coaching Resumes
by pancakes188
Sports
9m
More to Explore
Quiz From the Vault
Featured Blog Post
Where Did the Easter Bunny Come From?
hide this ad
You Might Also Like...
Tags
Capital Quiz
Country Quiz
altitude
Amazing
highest
Today's Top Quizzes in Geography
Browse Geography
hide this ad
Today's Top Quizzes in Capital
Browse Capital
Top Contributed Quizzes in Geography
1
Countries of the World - No Outlines Minefield
2
Top 25 Cities of France on a map
3
Any capital of a 'B' country per Continent
4
Any capital of a 'C' country per Continent
5
Closest Countries to UK A-Z
6
Any capital of a 'D' country per Continent
7
5-to-1: US Geography No Hints
8
Any capital of an 'E' country per Continent
9
Find the US States - No Outlines
10
Any capital of an 'F' country per Continent
Explore More
Trending Topics
Harry Potter
Marvel
Anime
NBA
Kpop
Crossword
Disney
Pokémon
Country
Song
WWE
The Office
Soccer
NFL
Puzzle
hide this ad
More By:
kingoftheworld
Quiz
Plays
Rating
Category
Featured
Created
Geography ATA (Arrange the Answers)
11,451
2.64
Geography
Mar 12, 2012
Premier League: Manchester United Best XI
3,431
1.32
Sports
Jun 14, 2011
Death Metal vs Ikea Furniture
2,089
4.33
Just For Fun
Jan 30, 2014
Rap's 100 Best
1,212
1.50
Music
Jun 11, 2012
What Major League Team Is That?
1,202
3.42
Sports
Nov 11, 2011
Go to Creator's Profile
Score Distribution
Quiz Creator Spotlight
kingoftheworld
Follow
Send a Message
Quizzes Created
-
Created Quiz Play Count
-
More By This Creator
Popular Quizzes Today
1
Find the US States - No Outlines Minefield
2
Find the Countries of Europe - No Outlines Minefield
3
The Countries of the World
4
Find the US States
5
Risky Map Clicking: Biggest States A-Z
6
US States
7
Popular People in 1961
8
Movies - When Are They Set?
More Geography Quizzes
In The Middle: Geography Edition
Curator's Pick
Trending Quizzes
Risky Map Clicking: Least Populous States A-Z
1-10 Letter G Words
Risky Map Clicking: Next State Alphabetically
Adjectives in 80s TV Shows
The Seven Year Switch: Catherine
Recently Updated
Leaping Animals
pecheneg
Reality TV Shows (A-Z)
bhenderson79
Rickey Henderson's Hall of Fame Teammates
pecheneg
Champions League XIs: Arsenal
pecheneg
Quick Pick: Celebrities in WWE's Hall of Fame
aduchscher
A-Z Keypad Blitz II
pecheneg
Multiple Oscar Actors
pecheneg
Mystery Phrase Blitz: Oscar 'Best Actors'
pecheneg
F. Scott Fitzgerald Novels
LTH
Pick 3 Villains
ddd62291
Trending Topics
NBA
Anime
Marvel
Disney
Kpop
Harry Potter
Crossword
Puzzle
Soccer
NFL
WWE
Pokémon
The Office
Song
Country
Your Account Isn't Verified!
In order to create a playlist on Sporcle, you need to verify the email address you used during registration. Go to your
Sporcle Settings
to finish the process.
Report this User
Report this user for behavior that violates our
Community Guidelines
.
Details:
Send Report
Go to the Sporcle.com Mobile Site →
Comments